02268 a2200193 45000010006000000050017000060080041000230030015000640400040000790800078001192450151001972640034003483000019003825051574004010410008019751000031019837000028020147000032020424278920260407155714.0260407a2009 arg spa dAR-UNSa-BCEJYS aAR-UNSa-BCEJYSbspacAR-UNSa-BCEJYS a336.226.1xImpuestos a las ganancias o los beneficios (Impuesto Diferido)10aGanancias. Ganancia mínima presunta. Bienes personalespTransferencia de inmuebles. Contribución especial sobre el capital de las cooperativas 1aBuenos Aires :bErreparc2009 a334 p.c27 cm. aI. IMPUESTO A LAS GANANCIAS: 1. Leyes nacionales - 2. Decretos nacionales - 3. Resoluciones generales (DGI) - 4. Resoluciones generales (AFIP) - 5. Notas externas (AFIP) - II. IMPUESTO SOBRE LA TRANSFERENCIA DE INMUEBLES DE PERSONAS FÍSICAS Y SUCESIONES INDIVISAS: 1. Leyes nacionales - 2. Resoluciones generales (AFIP) - III. SELECCIÓN DE JURISPRUDENCIA BÁSICA: Impuesto a las ganancias: 1. Jurisprudencia judicial. Índice alfabético de partes - 2. Jurisprudencia administrativa. Índice numérico - IV. IMPUESTO A LA GANANCIA MÍNIMA PRESUNTA: 1. Leyes nacionales - 2. Decretos nacionales - 3. Resoluciones generales (AFIP) - 4. Notas externas (AFIP) - V. SELECCIÓN DE JURISPRUDENCIA BÁSICA: Impuesto a la ganancia mínima presunta: 1. Jurisprudencia judicial. Índice alfabético de partes - 2. Jurisprudencia administrativa. Índice numérico - VI. IMPUESTO SOBRE LOS BIENES PERSONALES: 1. Leyes nacionales - 2. Decretos nacionales - 3. Resoluciones generales (AFIP) - 4. Notas externas (AFIP) - VII. SELECCIÓN DE JURISPRUDENCIA BÁSICA: Impuesto sobre los bienes personales: 1. Jurisprudencia judicial. Índice alfabético de partes - 2. Jurisprudencia administrativa. Índice numérico - VIII. CAPITAL DE COOPERATIVAS: 1. Leyes nacionales - 2. Decretos nacionales - 3. Resoluciones generales (AFIP) - IX. SELECCIÓN DE JURISPRUDENCIA BÁSICA: Capital de cooperativas: 1. Jurisprudencia judicial. Índice alfabético de partes - 2. Jurisprudencia administrativa. Índice numérico - X. PROCEDIMIENTO FISCAL: 1. Leyes nacionales. aspa1 aErrecaborde, José Daniel1 aParada, Ricardo Antonio1 aCañada, Francisco Roberto